Chromidio : an interface for color tracking with key frames in Max and Nato /

A software interface named Chromidio is developed in this thesis that enables the user to easily extract numerical color and motion data from a prerecorded QuickTime movie on disk. Chromidio outputs this data in a format that allows users of Max/MSP software to quickly translate it into messages for...

Full description

Bibliographic Details
Main Author: Tucker, Amy Rebecca
Format: Thesis eBook
Language:English
Published: [Place of publication not identified] : [publisher not identified] ; 2002.
Subjects:
Online Access:Link to OAKTrust copy

MARC

Tag First Indicator Second Indicator Subfields
LEADER 00000ctm a2200000Ka 4500
001 in00001723708
005 20220103134434.0
007 cr unu a
008 030123s2002 xx a b 000 0 eng d
035 |a (OCoLC)ocm51507142 
040 |a TXA  |c TXA  |d UtOrBLW 
049 |a TXAM  |a TXAR 
099 |a 2002  |a Thesis T83 
100 1 |a Tucker, Amy Rebecca. 
245 1 0 |a Chromidio :  |b an interface for color tracking with key frames in Max and Nato /  |c by Amy Rebecca Tucker. 
264 1 |a [Place of publication not identified] :  |b [publisher not identified] ;  |c 2002. 
300 |a x, 81 leaves :  |b illustrations ;  |c 28 cm. = +  |e 1 video cassette. 
336 |a text  |b txt  |2 rdacontent 
337 |a computer  |b c  |2 rdamedia 
338 |a online resource  |b cr  |2 rdacarrier 
500 |a "Major subject: Visualization Sciences". 
500 |a Vita. 
502 |b M.S.  |c Texas A&M University  |d 2002 
504 |a Includes bibliographical references (leaves 76-79). 
520 |a A software interface named Chromidio is developed in this thesis that enables the user to easily extract numerical color and motion data from a prerecorded QuickTime movie on disk. Chromidio outputs this data in a format that allows users of Max/MSP software to quickly translate it into messages for the control of MIDI device parameters that may relate to audio mixing and spatial effects, note generation, program changes or similar functions, or to other MIDI functions unrelated to sound. Chromidio also permits the user to key frame settings over the course of a movie as a tracked object changes color over time. A companion Max patch named C.play is also developed. C.play is equipped to interpret Chromidio's output and translate it into MIDI messages with minimal effort. C.play can also be edited to facilitate the control of audio synthesis and signal processing functions for users of MSP audio extensions. Chromidio and C.play facilitate the production of a movie soundtrack, as the user can direct Chromidio to track a particular object within the QuickTime movie and then use its numerical output to generate MIDI messages corresponding to the motion and color of that object. 
530 |a Also available online. 
530 |a Issued also on microfiche from Lange Micrographics. 
650 4 |a Major visualization sciences. 
856 4 1 |u https://hdl.handle.net/1969.1/ETD-TAMU-2002-THESIS-T83  |z Link to OAKTrust copy  |t 0 
948 |a cataloged  |b h  |c 2003/1/23  |d c  |e eneff  |f 11:01:09 am 
994 |a E0  |b TXA 
999 |a MARS 
999 f f |s a22c52a6-df41-3691-b17b-087095b46f2c  |i 9185eed5-0a59-34e9-a5b7-47b5f77c2e08  |t 0 
952 f f |p noncirc  |a Texas A&M University  |b J.J. Pickle Campus  |c High Density Repository  |d Remote Storage  |t 0  |e 2002 Thesis T83  |h Other scheme  |i computer -- online resource  |m A14829746882 
952 f f |p noncirc  |a Texas A&M University  |b College Station  |c Cushing Memorial Library & Archives  |d Cushing: Theses & Dissertations Microforms (Does not check out)  |t 0  |e 2002 Thesis T83  |h Other scheme  |i computer -- online resource 
952 f f |a Texas A&M University  |b College Station  |c Electronic Resources  |d Available Online  |t 0  |e 2002 Thesis T83  |h Other scheme 
998 f f |a 2002 Thesis T83  |t 0  |l Cushing: Theses & Dissertations Microforms (Does not check out) 
998 f f |a 2002 Thesis T83  |t 0  |l Available Online 
998 f f |a 2002 Thesis T83  |t 0  |l Remote Storage